02226agaaa2200337 45000010005000000030009000050050017000140070009000310080040000400400023000800410013001031000054001161300046001702400043002162450175002592460036004342500022004702600135004923000034006275080110006615110081007715200544008525380016013965460013014126500063014257000066014887000063015549420012016179990019016299520240016484477IT-RoPAU20220918181235.0d cvaizq50131s9999||||xx ||| | || ||und|| aIT-RoPAUcIT-RoPAU aITALIANO aChabrol ClaudegCodice regista SPICS: 8157942705 aINNOCENTI DALLE MANI SPORCHE (GLI)942706 aINNOCENTS AUX MAINS SALES (LES)gT0751 aINNOCENTI DALLE MANI SPORCHE (GLI)cSceneggiatura: Chabrol Claude -- Diretto da: Chabrol ClaudepINNOCENTI DALLE MANI SPORCHE (GLI) (Rif. Codice opera principale : 74477) aINNOCENTS AUX MAINS SALES (LES) aEdizione Standard aPARIGI - BERLINO (FRANCIA)bLA BOETIE - TERRA - JUPPITER / Distribuzione: RAI DUEg"1974 (1° ed.: 1989 ; Ed. Lingua Orig.: 1974)" aVHSbsonoro, col.c115 minuti a"Fotografia: Rabier Jean; Montaggio: Reali Carlo; Musica: Jansen Pierre; Sceneggiatura: Chabrol Claude; " a"Schneider Romy; Steiger Rod; Giusti Paolo; Perrot Francois; Santini Pietro" aALTRI-INTERPRETI: PIETRO-SANTINI HANS-CHRISTIAN-BLECH JEAN-ROCHEFORT DRAMMA-GIALLO-DA-UN-ROMANZO-DI-RICHARD-NEELYJULIE VIVE COL MARITO MA NON E' SODDISFATTA E CERCA ALTERNATIVE ALLA NOIA IL MARITO SCOMPARE E LA POLIZIA SOSPETTA DELLA DONNA INTANTO JULIE SI E' FATTA PER AMANTE UNO SCRITTORE IL MARITO RICOMPARE E LA DONNA VIENE RIABILITATA A QUESTO PUNTO E' LO SCRITTORE CHE AGGREDISCE JULIE CHE VIENE SALVATA DALLA POLIZIA INTANTO IL MARITO MUORE D'INFARTO UNA NOTTE JULIE SI SENTE CHIAMARE DA UNA VOCE MISTERIOSA FILM DRAMMATICO A COLORI aPAL, STEREO aITALIANO aDRAMMATICOeFILMS [VHS]xCodice MATERIA SPICS: 9960934083 aChabrol Claude e(regista)gCodice regista SPICS: 8157942707 aJansen Pierree(musica)gCodice Musica SPICS: 15507942708 cVH2ddc c105668d105668 001040674477_00000000000000071aSPICSbSPICSd2015-01-31l0o74477r2015-01-31 00:00:00w2015-01-31yVHzProgr. Ins.: 2474 / N.Vol.:1 / Copie: 1 / Pag.:0 / Copia rara: n.d. / date import: 1.2.2015 / By Epidotti, Trombetti, Vaglietti